000 00674nam a2200253Ia 4500
003 OSt
005 20220923224804.0
006 a|||||r|||| 00| 0
007 ta
008 220922b |||||||| |||| 00| 0 hin d
024 _a250,253
037 _cTextual
040 _aARTS
_cARTS
_bhin
041 _2hin
_ahin
082 _aO152,1J32x, H2
100 _aपनिकर
245 0 _aकाली लड़की
246 _aKālī laड़kī
260 _c1942
300 _a130पृ.
_ccm.
650 _aहिन्दी साहित्य
_9156264
942 _hO152,1J32x, H2
_cTEXL
_2CC
999 _c373649
_d373649